| 000 | 00677nam a2200253Ia 4500 | ||
|---|---|---|---|
| 003 | OSt | ||
| 005 | 20221007071344.0 | ||
| 006 | a|||||r|||| 00| 0 | ||
| 007 | ta | ||
| 008 | 221006b |||||||| |||| 00| 0 eng d | ||
| 024 | _a8,533 | ||
| 037 | _cTextual | ||
| 040 |
_aFLL _cFLL _beng |
||
| 041 |
_2eng _aeng |
||
| 082 | _aZ2:3, K0;K4;7 | ||
| 100 |
_aCheshire G.C. Au. _9688591 |
||
| 245 | 0 | _aLaw of contract | |
| 250 | _a6th | ||
| 260 |
_aLondon _bButterworths India _c1964 |
||
| 300 |
_a575p _ccm. |
||
| 700 |
_a Fifoot C.H.S. Au. _9688592 |
||
| 942 |
_hZ2:3, K0;K4;7 _cTEXL _2CC |
||
| 999 |
_c1143140 _d1143140 |
||